| 000 | 00818nam a2200169 a 4500 | ||
|---|---|---|---|
| 008 | 080310s2003 ||||||||||||||||| || u | ||
| 050 | _aUSAID(02) | ||
| 100 | _aLaFond, Anne | ||
| 245 | 1 | 0 |
_aUsing data to improve service delivery: a self-evaluation approach _cBy Anne LaFond (and others) |
| 260 |
_aWashington, D.C. _bUnited States Agency for International Development (USAID) _c2003 |
||
| 300 | _avi, 117p.:ill.(annexes, A1-A31) | ||
| 350 | _a0.00 | ||
| 650 | _aMATERNAL HEALTH SERVICES--STATISTICS | ||
| 710 | _aCenter for Applied Research on Population and Development (CERPOD) | ||
| 710 | _aUnited States Agency for International Development (USAID) | ||
| 995 |
_D0.00 _FCBU-MAIN LIBRARY (Kitwe) _H1 _I0.00 _M1 _UAVAILABLE _WAug 26, 2008 _ZInternational Publications |
||
| 999 |
_c61150 _d61150 |
||